书目信息 |
| 题名: |
工程财务管理
|
|
| 作者: | 叶晓甦 编著 | |
| 分册: | ||
| 出版信息: | 北京 中国建筑工业出版社 2011.02 |
|
| 页数: | 368页 | |
| 开本: | 26cm | |
| 丛书名: | 高等学校工程管理专业规划教材 | |
| 单 册: | ||
| 中图分类: | F407.967.2 , F407.9 | |
| 科图分类: | ||
| 主题词: | 建筑工程--jian zhu gong cheng--财务管理--高等学校--教材 | |
| 电子资源: | ||
| ISBN: | 978-7-112-12852-5 | |
| 000 | 01047nam 2200277 450 | |
| 001 | 295381 | |
| 005 | 20201024095446.49 | |
| 010 | @a978-7-112-12852-5@dCNY38.00 | |
| 100 | @a20111101d2011 ekmy0chiy50 ea | |
| 101 | 0 | @achi |
| 102 | @aCN@b110000 | |
| 105 | @aak a 000yy | |
| 200 | 1 | @a工程财务管理@Agong cheng cai wu guan li@f叶晓甦编著 |
| 210 | @a北京@c中国建筑工业出版社@d2011.02 | |
| 215 | @a368页@c图@d26cm | |
| 225 | 2 | @a高等学校工程管理专业规划教材@Agao deng xue xiao gong cheng guan li zhuan ye gui hua jiao cai |
| 320 | @a有书目 (第368页) | |
| 330 | @a本书共12章, 包括工程财务管理总论、工程财务基本理论、工程项目融资、金融资产投资管理、工程项目投资管理、工程项目投资风险分析、工程营运资产管理等内容。 | |
| 333 | @a普通高等教育土建学科专业“十一五”规划教材 | |
| 410 | 0 | @12001 @a高等学校工程管理专业规划教材 |
| 606 | 0 | @a建筑工程@Ajian zhu gong cheng@x财务管理@x高等学校@j教材 |
| 690 | @aF407.967.2@v5 | |
| 690 | @aF407.9@v5 | |
| 701 | 0 | @a叶晓甦@Aye xiao su@4编著 |
| 801 | 0 | @aCN@c20111101 |
| 905 | @dF407.9@eY456@f5 | |
| 工程财务管理/叶晓甦编著.-北京:中国建筑工业出版社,2011.02 |
| 368页:图;26cm.-(高等学校工程管理专业规划教材) |
| 使用对象:普通高等教育土建学科专业“十一五”规划教材 |
| ISBN 978-7-112-12852-5:CNY38.00 |
| 本书共12章, 包括工程财务管理总论、工程财务基本理论、工程项目融资、金融资产投资管理、工程项目投资管理、工程项目投资风险分析、工程营运资产管理等内容。 |
| ● |
| 相关链接 |
|
|
|
正题名:工程财务管理
索取号:F407.9/Y456
 
预约/预借
| 序号 | 登录号 | 条形码 | 馆藏地/架位号 | 状态 | 备注 |
| 1 | 1062597 | 210625974 | 社科二线422/409社科库 35排1列3层/ [索取号:F407.9/Y456] | 在馆 | |
| 2 | 1062598 | 210625983 | 社科二线422/409社科库 35排1列3层/ [索取号:F407.9/Y456] | 在馆 | |
| 3 | 1062599 | 210625992 | 社科库409/409社科库 35排1列2层/ [索取号:F407.9/Y456] | 在馆 | |
| 4 | 1062600 | 210626009 | 管理学院资料室/409社科库 35排1列3层/ [索取号:F407.9/Y456] | 在馆 | |
| 5 | 1062601 | 210626018 | 社科二线422/409社科库 35排1列3层/ [索取号:F407.9/Y456] | 在馆 | |
| 6 | 1452921 | 214529214 | 社科库409/404自科库 15排5列1层/ [索取号:F407.9/Y456] | 在馆 |